Statistiques concernant La Bible - Les rois du Royaume de Juda

Cliquez ici pour prendre le quiz!

Statistiques générales

  • Ce quiz a été pris 5 fois
  • Le résultat moyen est 12 sur 20

Statistiques - réponses

Début du règneDuréeNatureNom du Roi% Correct
732 av. ère16-18 ansMauvaisAchaz
80%
609 av. ère3 moisMauvaisJoachaz (Achaz)
80%
841 av. ère6 ansMauvaiseAthalie
80%
835 av. ère40 ansBonJoas
80%
931 av. ère17 ansMauvaisRoboam
60%
598 av. ère3 moisMauvaisJojakin
60%
609 av. ère11 ansMauvaisJojakim
60%
641 av. ère31 ansBonJosias
60%
643 av. ère24 ansMauvaisAmon
60%
687 av. ère55 ansMauvaisManassé
60%
716 av. ère29 ansBonEzechias
60%
740 av. ère16 ansBonJotham
60%
767 av. ère52 ansBonOzias (Azaria)
60%
796 av. ère29 ansPlutôt bonAmatsia
60%
841 av. ère1 anMauvaisAchazia (Ochozias)
60%
848 av. ère8 ansMauvaisJoram
60%
870 av. ère25 ansBonJosaphat
60%
597 av. ère11 ansMauvaisSedecias
60%
913 av. ère3 ansMauvaisAbijam
40%
911 av. ère41 ansBonAsa
40%

Distribution des résultats

Percentile par nombre de réponses

% des personnes avec chaque résultat

Votre développement - résultats

Vous n’avez pas pris ce quiz